quiz citation film - Statistiques

Statistiques générales
  • Ce quiz a été pris 41 fois
  • Le résultat moyen est 7 sur 30
Statistiques - réponses
Hint Réponse % Correct
Je suis fatigué patron, fatigué de devoir courir les routes et d’être seul comme un moineau sous la pluie… la ligne verte
58%
- Vous voulez un whisky ? - Non, juste un doigt. - Vous voulez pas un whisky d’abord ? la cité de la peur
52%
Le cœur d’une femme est un océan de secrets. titanic
42%
Le rêve semble réel quand on y est, ce n’est que quand on se réveille qu’on se rend compte qu’il avait quelque chose d’étrange… inception
39%
avais aussi pensé à « Bande de chacals, vous allez crever comme des chacals ». Mais ça faisait deux fois « chacals » donc… Quoi, on dit des « chacaux » ? Astérix et Obélix : mission Cléopâtre
36%
Pastis par temps bleu, pastis délicieux. camping
36%
L’important c’est pas la chute, c’est l’atterrissage. la haine
36%
Etre visionnaire c'est regarder le monde au delà du temps. Mais on ne voit pas plus loin, que les choix que l'on ne peut pas comprendre. matrix
33%
on peut trouver du bonheur même dans les endroits les plus sombres. Il suffit de se souvenir d’allumer la lumière. harry potter
30%
- Je sais pas ce qui me retient de te casser la gueule… - La peur peut-être ? - Ouais, ça doit être ça ! les bronzés font du ski
30%
Yippee-ki-yay, pauvre con ! die hard
27%
Deuxième étoile à droite et tout droit jusqu’au matin. peter pan
27%
J’ai des mains faites pour l’or et elles sont dans la merde ! scarface
27%
Je ne vis que pour les 400 mètres d’une course, tout le reste m’est égal… car pendant ces 10 secondes… je suis libre ! fast and furious
24%
- Y a pas d’hélice hélas. - C’est là qu’est l’os ! la grande vadrouille
24%
À quoi ça sert de sauver la vie quand on voit ce que vous en faites. le cinquième élément
24%
Le coup le plus rusé que le diable ait réussi, c’est de convaincre tout le monde qu’il n’existe pas. usual suspects
21%
De toutes les choses que nous percevons seul l’amour transcende les dimensions temporelles et spatiales. Peut-être qu'on devrait accepter en confiance ce qu'on ne saisit pas encore interstellar
18%
La vie trouve toujours son chemin. jurassic park
18%
Bonjour ! Qu’entendez vous par là ? Me souhaitez vous le bonjour ou constatez vous que c’est une bonne journée, que je le veuille ou non le hobbit
15%
- Tu étais l’élu, c’était toi ! Tu devais rétablir la paix dans la force pas la condamner à la nuit ! star wars episode 3
15%
Un jour elle sera mienne. Oh oui, un jour elle sera mienne. wayne's world
15%
Personne ne bouge, j’ai perdu ma cervelle ! le pirate des caraibes
6%
La plupart des gens n’ont aucune reconnaissance d’être en vie. saw
6%
Ce que j’ai subi a fait de moi ce que je suis. V pour vendetta
6%
Je préfère mourir debout, que de vivre à genoux ! braveheart
3%
Il y a un adage qui dit qu’on fait toujours du mal à ceux qu’on aime mais il oublie de dire qu’on aime ceux qui nous font du mal. fight club
3%
Si vous pouviez voir votre vie entière déroulée devant vous, y changeriez-vous quelque chose ? premier contact
3%
Si vous parlez à dieu, vous êtes croyant. S’il vous répond c’est que vous êtes schyzo. docteur house
0%
La mort est paisible, simple. C’est beaucoup plus difficile de vivre. twilight
0%
Aucun quiz correspondant
Distribution des résultats
% des personnes avec chaque résultat
Percentile par nombre de réponses
Votre historique - résultats
Vous n’avez pas pris ce quiz